Gaming Quiz

Random Gaming or Board Games Quiz

The Big Board: Toys & Board Games Quiz Stats

 Plays Quiz Updated May 29, 2018

Challenge
Share
Tweet
Score 0/36 Timer 07:00
0 Plays Today
Hint Answer % Correct
Identify each board game from a section of its playing area.
100%
Provide the names of the toys that correspond with these questions.
99.9%
Answer five trivia questions about Monopoly.
99.9%
Identify each of these movie characters who have been built from Legos.
99.9%
Give any valid 7-letter Scrabble word that can be made from these tiles.
99.9%
Name any Risk territory that can be seen in each image.
99.9%
Battleship
92.4%
Operation
91.8%
Minion
86.4%
Connect Four
86.1%
WALL-E
84.3%
Trivial Pursuit
82.2%
Play-Doh
81.1%
C-3PO
80.7%
Candyland
80.6%
Reading, Short Line, King's Cross, etc.
79.5%
Hula Hoop
76.2%
Frisbee
75.5%
Hint Answer % Correct
Lincoln Logs
72.7%
Free Parking
69.4%
Iron, Horse & Rider, Cannon, etc.
68.3%
A Beauty Contest
66.7%
Terminator (T-800)
61.7%
China, Siam, India
51.2%
Allergy, Gallery, Largely, Regally
45.6%
Luxury Tax
44.9%
Brazil, Peru, Venezuela
44.9%
Aspired, Despair, Diapers, Praised
43.8%
Present, Repents, Serpent
39.5%
Eastern Australia, Indonesia, etc.
37.1%
Hiccups
35.2%
Radio Flyer
35%
Great Britain, Scandinavia, etc.
34.7%
Western US, Eastern US, Central Am.
32.3%
Realist, Retails, Saltier
25.8%
Totoro
23.9%

You're not logged in!

Compare scores with friends on all Sporcle quizzes.
OR
Log In

You Might Also Like...

Show Comments

Extras

Top Quizzes Today


Score Distribution

Your Account Isn't Verified!

In order to create a playlist on Sporcle, you need to verify the email address you used during registration. Go to your Sporcle Settings to finish the process.

Report this User

Report this user for behavior that violates our Community Guidelines.

Details: